[Event "Port of Spain op"]
[Site "Port of Spain"]
[Date "2017.08.31"]
[Round "6"]
[White "Sandy, Jared"]
[Black "Lee, Hayden"]
[Result "1-0"]
[WhiteElo "1398"]
[BlackElo "1878"]
[PlyCount "61"]
[EventDate "2017.08.27"]
[EventType "swiss"]
[EventRounds "9"]
[EventCountry "TRI"]
[SourceTitle "CBM 180 Extra"]
[Source "ChessBase"]
[SourceDate "2017.10.06"]
[SourceVersion "1"]
[SourceVersionDate "2017.10.06"]
[SourceQuality "1"]

1. e4 c5 2. Nf3 b6 3. Nc3 Bb7 4. d4 cxd4 5. Qxd4 Nc6 6. Qd3 g6 7. h3 Bg7 8. Be2 d6 9. Bd2 Nf6 10. Bg5 0-0 11. Qd2 Re8 12. Bxf6 Bxf6 13. 0-0-0 a6 14. g4 b5 15. g5 Bg7 16. h4 Qa5 17. Kb1 Rac8 18. Nd5 b4 19. h5 Qc5 20. Bd3 a5 21. hxg6 hxg6 22. Rh4 Nd4 23. Rh3 Bxd5 24. exd5 Qxd5 25. Ba6 Ra8 26. Nxd4 Rxa6 27. Qf4 e5 28. Qh4 exd4 29. Rdh1 Qe5 30. f4 Qe2 31. Qh8+ 1-0

[Event "Port of Spain op"]
[Site "Port of Spain"]
[Date "2017.08.30"]
[Round "5"]
[White "Hunte, Keelan"]
[Black "Sandy, Jared"]
[Result "0-1"]
[WhiteElo "1665"]
[BlackElo "1398"]
[PlyCount "80"]
[EventDate "2017.08.27"]
[EventType "swiss"]
[EventRounds "9"]
[EventCountry "TRI"]
[SourceTitle "CBM 180 Extra"]
[Source "ChessBase"]
[SourceDate "2017.10.06"]
[SourceVersion "1"]
[SourceVersionDate "2017.10.06"]
[SourceQuality "1"]

1. e4 c5 2. Nf3 g6 3. Bc4 Bg7 4. d4 cxd4 5. Nxd4 e6 6. c3 Ne7 7. Bg5 0-0 8. Qc1 Re8 9. 0-0 a6 10. Bh6 Bh8 11. Nf3 b5 12. Bb3 Bb7 13. Qf4 Nbc6 14. Re1 Qb8 15. e5 Nf5 16. Bg5 Na5 17. g4 Nxb3 18. gxf5 Nxa1 19. Nd4 exf5 20. Nd2 Bxe5 21. Qh4 Bxh2+ 22. Kf1 Rxe1+ 23. Kxe1 b4 24. f4 bxc3 25. bxc3 Bg1 26. Bf6 Bxd4 27. Bxd4 Nc2+ 28. Kd1 Nxd4 29. cxd4 Bd5 30. Qe7 Qb5 31. Qd6 Bxa2 32. Ke1 Be6 33. Kf2 a5 34. Kg3 a4 35. Qa3 Qd5 36. Nf3 Qb3 37. Qa1 Bd5 38. Kh4 Qxf3 39. Kg5 Kg7 40. Qh1 Qg4# 0-1